Informe de la economía dominicana : enero-marzo 1999. (Registro nro. 36241)
[ vista simple ]
| 000 -CABECERA | |
|---|---|
| campo de control de longitud fija | 01554nam a2200181 a 4500 |
| 001 - NÚMERO DE CONTROL | |
| campo de control | 000036750 |
| 003 - IDENTIFICADOR DEL NÚMERO DE CONTROL | |
| campo de control | DO-SdBNP |
| 005 - FECHA Y HORA DE LA ÚLTIMA TRANSACCIÓN | |
| campo de control | 20250626104945.0 |
| 008 - DATOS DE LONGITUD FIJA--INFORMACIÓN GENERAL | |
| campo de control de longitud fija | 120127s1999 dr d 000 0 spa d |
| 040 ## - FUENTE DE LA CATALOGACIÓN | |
| Centro catalogador/agencia de origen | DO-SdBNP |
| Lengua de catalogación | spa |
| Centro/agencia transcriptor | BNPHU |
| 110 2# - ENTRADA PRINCIPAL--NOMBRE DE ENTIDAD CORPORATIVA | |
| Nombre de entidad corporativa o nombre de jurisdicción como elemento de entrada | Banco Central de la República Dominicana |
| 9 (RLIN) | 83405 |
| 245 10 - MENCIÓN DE TÍTULO | |
| Título | Informe de la economía dominicana : enero-marzo 1999. |
| 260 ## - PUBLICACIÓN, DISTRIBUCIÓN, ETC. | |
| Lugar de publicación, distribución, etc. | Santo Domingo : |
| Nombre del editor, distribuidor, etc. | Banco Central, |
| Fecha de publicación, distribución, etc. | 1999. |
| 300 ## - DESCRIPCIÓN FÍSICA | |
| Extensión | 89 p. : |
| Otras características físicas | il., gráfs. ; |
| Dimensiones | 32 cm. |
| 490 0# - MENCIÓN DE SERIE | |
| Mención de serie | Publicaciones del Banco Central de la Republica Dominicana |
| 505 0# - NOTA DE CONTENIDO CON FORMATO | |
| Nota de contenido con formato | Presentación -- Producto interno bruto-- Agropecuaria -- Minería -- Manufactura-- Construcción -- Electricidad y agua-- Comunicaciones -- Hoteles, bares y restaurantes -- Gobierno -- Finanzas -- Comercio -- Otras actividades -- Oferta y demanda -- Precios internos -- Sector Externo -- Resultado de la balanza de pagos -- Deuda pública externa -- Mercado de cambio --Entorno económico internacional -- Comportamiento financiero el Gobierno Central -- Política monetaria y crediticia -- Oferta monetaria -- Canalización de recursos a la economía -- Tasas de interés de los bancos comerciales -- Sector financiero -- Estructura institucional -- Comportamiento operacional del sector financiero -- Comportamientos operacional del sector financiero -- Comportamiento operacional de los bancos comerciales y de servicios múltiples -- Mercado de valores -- Resultado administrativo y operacionales -- del Banco Central -- Consideraciones finales -- Cuadros anexos -- Apencice. |
| 942 ## - ELEMENTOS DE PUNTO DE ACCESO ADICIONAL (KOHA) | |
| Fuente del sistema de clasificación o colocación | Dewey Decimal Classification |
| Tipo de ítem Koha | Libro |
| Estado de retiro | Estado de pérdida | No para préstamo | Código de colección | Localización permanente | Ubicación/localización actual | Ubicación en estantería | Fecha de adquisición | Número de inventario | Total de préstamos | Signatura topográfica completa | Código de barras | Fecha visto por última vez | Precio válido a partir de | Tipo de ítem Koha |
|---|---|---|---|---|---|---|---|---|---|---|---|---|---|---|
| Patrimonio Dominicano | Patrimonio Dominicano | Patrimonio Dominicano | Orden iniciada | 27.01.2012 | LF1 | 36750-10 | 25.06.2020 | 25.06.2020 | Libro y Folleto Colección Patrimonio Dominicano |
